ՀՀ Գիտությունների ազգային ակադեմիայի հիմնարար գիտական գրադարան  =   Fundamental Scientific Library of NAS RA

Հանքաքարային հանքավայրերի ստորգետնյա մշակման փուլեր և պրոցեսներ : (Record no. 106279)

MARC details
000 -LEADER
fixed length control field 01064nam a2200205 u 4500
001 - CONTROL NUMBER
control field 000290536
003 - CONTROL NUMBER IDENTIFIER
control field AM-YeHGA
005 - DATE AND TIME OF LATEST TRANSACTION
control field 20250618071905.0
008 - FIXED-LENGTH DATA ELEMENTS--GENERAL INFORMATION
fixed length control field 031203s1985 ai r 000 0 arm d
040 ## - CATALOGING SOURCE
Original cataloging agency AM-YeHGA
041 0# - LANGUAGE CODE
Language code of text/sound track or separate title arm
090 ## - LOCALLY ASSIGNED LC-TYPE CALL NUMBER (OCLC); LOCAL CALL NUMBER (RLIN)
-- 107605
100 1# - MAIN ENTRY--PERSONAL NAME
Personal name Աղաբալյան, Յուրի Անդրեյի,
Dates associated with a name 1935-
9 (RLIN) 3068
245 10 - TITLE STATEMENT
Title Հանքաքարային հանքավայրերի ստորգետնյա մշակման փուլեր և պրոցեսներ :
Remainder of title Ուս. ձեռնարկ /
Statement of responsibility, etc. Յու.Ա. Աղաբալյան; ՀՍՍՀ բարձրագույն և միջն. մասնագիտ. կրթ. մին-թյուն. Երևանի Կ. Մարքսի անվ. պոլիտեխն. ին-տ. Լեռնային գործի ամբիոն.
260 ## - PUBLICATION, DISTRIBUTION, ETC.
Place of publication, distribution, etc. Երևան :
Name of publisher, distributor, etc. Ա. հ,
Date of publication, distribution, etc. 1985.
300 ## - PHYSICAL DESCRIPTION
Extent 98 էջ :
Other physical details աղս.
504 ## - BIBLIOGRAPHY, ETC. NOTE
Bibliography, etc. note Մատենագիտ. : էջ՝ 95
650 14 - SUBJECT ADDED ENTRY--TOPICAL TERM
Topical term or geographic name entry element Երկրաբանություն
General subdivision Հանքաքարեր
710 2# - ADDED ENTRY--CORPORATE NAME
Corporate name or jurisdiction name as entry element Երևանի Կ. Մարքսի անվան պոլիտեխնիկական ինստիտուտ
Subordinate unit Լեռնային գործի ամբիոն
Holdings
Withdrawn status Lost status Damaged status Not for loan Collection Home library Current library Date acquired Total checkouts Full call number Barcode Date last seen Price effective from Koha item type Public note
        General Fundamental Scientific Library Fundamental Scientific Library 22/12/2016   622.34(075.8) 220073252 22/12/2016 22/12/2016 Գրքեր / Books 30 Days Loan
        General Fundamental Scientific Library Fundamental Scientific Library 22/12/2016   622.34(075.8) 220075033 22/12/2016 22/12/2016 Գրքեր / Books 30 Days Loan


ՀՀ ԳԱԱ հիմնարար գիտական գրադարան
ՀՀ,Երևան 0019
Մարշալ Բաղրամյան 24/6
հեռախոս:(374-10) 52-47-50
Հետադարձ կապ

All site content, except where otherwise noted, is licensed under a
Creative Commons License